Politycy z Nowej Lewicy - nagła śmierć - Statystyki

Ogólne statystyki
  • Ten quiz został rozwiązany 253 razy
  • Średni wynik to 7 z 10
Answers on the Grid
Answers color-coded by a green-red scale on the quiz's grid according to % correct below.
Włodzimierz Czarzasty
Rafał Trzaskowski
Władysław Kosiniak-Kamysz
Robert Biedroń
Piotr Zgorzelski
Donald Tusk
Szymon Hołownia
Krzysztof Gawkowski
Sławomir Mentzen
Joanna Scheuring-Wielgus
Izabela Bodnar
Krzysztof Śmiszek
Andrzej Szejna
Krzysztof Bosak
Dariusz Wieczorek
Tomasz Trela
Klaudia Jachira
Łukasz Litewka
Kinga Gajewska
Katarzyna Kotula
 
Statystyki odpowiedzi
Odpowiedź % Poprawnych
Robert Biedroń
92%
Włodzimierz Czarzasty
92%
Joanna Scheuring-Wielgus
72%
Krzysztof Śmiszek
70%
Katarzyna Kotula
65%
Krzysztof Gawkowski
64%
Łukasz Litewka
59%
Tomasz Trela
57%
Andrzej Szejna
53%
Dariusz Wieczorek
52%
Nie znaleziono quizów pasujących do podanych kryteriów
Rozkład punktacji
Procent ludzi z każdym wynikiem
Percentyl według liczby udzielonych odpowiedzi
Twoja historia wyników
Nie rozwiązałeś tego quizu